| 000 | 00488nam a2200193Ia 4500 | ||
|---|---|---|---|
| 003 | OSt | ||
| 005 | 20260509111103.0 | ||
| 008 | 250729s2011 xx 000 0 und d | ||
| 020 | _a9788183162678 | ||
| 040 | _cAL | ||
| 041 | _aeng | ||
| 082 | _a510 ANIS | ||
| 100 |
_aDr.Anice James _9231463 |
||
| 245 | _aSkills and stratergies of teaching mathematics | ||
| 260 |
_aNew Delhi _bNeelkamal Publication _c2011 |
||
| 300 | _a332p | ||
| 650 |
_aMathematics _9231464 |
||
| 942 |
_2ddc _cBED |
||
| 999 |
_c239294 _d239294 |
||